Statistics for Consecutive Super Bowl Wins

Click here to take the quiz!

General Stats

  • This quiz has been taken 37 times
  • The average score is 7 of 8

Answer Stats

#TeamYears% Correct
2New England Patriots2003-2004
100%
2Green Bay Packers1966-1967
91%
2Pittsburgh Steelers1974-1975
91%
2Dallas Cowboys1992-1993
88%
2Denver Broncos1997-1998
88%
2Pittsburgh Steelers1978-1979
85%
2San Francisco 49ers1988-1989
85%
2Miami Dolphins1972-1973
76%

Score Distribution

Percentile by Number Answered

Percent of People with Each Score

Your Score History

You have not taken this quiz